| 000 | | | 03981nmc2a22002773x 450 |
| 001 | | | caa1a94e-e7bd-4c95-8bb2-9be63b495ec4 |
| 005 | | | 20220705162409.0 |
| 100 | ## | $a | 20220622l1926 k y0rusy50 ca |
| 101 | 0# | $a | rus |
| 102 | ## | $a | RU |
| 105 | ## | $a | e z ||||| |
| 122 | 0# | $a | d19261231 |
| 200 | 1# | $a | Планы Феодосийского порта (варианты) |
| | $j | [не ранее 1926 г.] |
| 215 | ## | $a | 3 листа |
| | $c | пл. |
| 251 | ## | $c | Дело |
| 300 | ## | $a | Типографский экземпляр с рукописными пометами |
| 300 | ## | $a | Листы: 1-3 - планы, 3 - надорван |
| 300 | ## | $a | Рукописный и типографский текст |
| 330 | ## | $a | Входит в раздел описи: Документы Народного комиссариата финансов. Транспортный сектор (Департамент железнодорожных дел) Наркомата финансов |
| 461 | #0 | $1 | 00170a9e75d-b6e1-4eed-a561-fb01df49f1ed |
| | $1 | 2001 |
| | $a | Коллекция документов профессора И. Х. Озерова |
| | $1 | 251 |
| | $c | Фонд |
| | $1 | 852 |
| | $j | 1838 |
| 462 | #0 | $1 | 0010128b4bc-9fed-474c-8a7c-fdbe2c2718e2 |
| | $1 | 2001 |
| | $a | Документы советского периода. 1917-1933 гг. |
| | $v | Д. 71 |
| | $1 | 251 |
| | $c | Опись |
| | $1 | 852 |
| | $j | 2 |
| 600 | #1 | $a | Озеров |
| | $b | И. Х. |
| | $g | Иван Христофорович |
| 601 | 02 | $3 | RU\NLR\AUTH\8810027351 |
| | $a | Феодосийский морской торговый порт |
| 801 | #0 | $a | RU |
| | $b | GA_RF |
| 801 | #1 | $a | RU |
| | $b | ГлавНИВЦ |
| | $c | 20220622 |
| | $2 | rusmarc |
| 801 | #2 | $a | RU |
| | $b | ПБ им. Б.Н. Ельцина |
| | $c | 20220705 |
| | $g | RCR |
| | $2 | rusmarc |
| 852 | ## | $a | ГА РФ |
| | $j | 71 |
| 937 | ## | $d | 177095863 |
| | $h | ГАРФ |
| 035 | ## | $a | RuPRLIB51068013 |
| 856 | ## | $u | http://readingroom.main.prlib.ru/item.aspx?id_node=n177095863&mode=full |